000 00674nam a2200205 i 4500
001 146186
003 ES-MaACL
005 20230906201437.0
007 t|
008 070904s1971 sp ||||1| spa d
080 _a361(04)
245 0 0 _aTrabajo social y valores sociales /
_ccompilación de documentos por Eileen Younghusband ; [traducción por María Luz Lorenzo Almarza].
260 _a[Madrid :
_bEuramérica,
_c1971]
300 _a272 p. ;
_c21 cm.
650 _aAsistencia social.
_910377
700 0 _aYounghusband, Eileen,
_d1902-
_9117707
700 1 _aLorenzo Almarza, María Luz.
_974172
852 _aES-MaACL
_jC-47760
_bR.77750
999 _c146186
_d146186